000 00296nam a22001337a 4500
008 170511b xxu||||| |||| 00| 0 eng d
020 _a9780314163066
041 _aeng
080 _24TH
_a343.9
100 _a15
101 _aSHJ
245 _aFEDERAL CRIMINAL LAW
_cABRAMS, N
942 _2udc
_cBK
999 _c13172
_d13172